La última cena: palabras de Jesús
Guardat en:
| Autor principal: | |
|---|---|
| Format: | Llibre |
| Idioma: | espanyol |
| Publicat: |
Madrid
Cristiandad
1980
|
| Matèries: | |
| Etiquetes: |
Afegir etiqueta
Sense etiquetes, Sigues el primer a etiquetar aquest registre!
|
MARC
| LEADER | 00000nam a2200000 a 4500 | ||
|---|---|---|---|
| 001 | UCW9716 | ||
| 003 | CL-VaPUC | ||
| 008 | 890613e19800000SP |||||||||||||||||spa|d | ||
| 082 | 0 | 4 | |a 232.957 |b JER |2 21 |
| 100 | |a Jeremias, Joachim |e autor |9 317204 | ||
| 245 | 1 | 3 | |a La última cena: palabras de Jesús |
| 300 | |a 233 p | ||
| 942 | |c BK | ||
| 945 | |d 19890613 00:00:00 | ||
| 260 | |a Madrid |b Cristiandad |c 1980 | ||
| 650 | 7 | |a ULTIMA CENA |2 CL-VaPUC |9 315102 | |
| 583 | |a last modification |c 19890613 00:00:00 |k Rodrigo Vera | ||
| 999 | |c 221619 |d 221617 | ||
| 952 | |0 0 |1 0 |4 0 |6 232_957000000000000_JER_1980 |7 0 |8 A |9 215263 |a BIBTEO |b BIBTEO |d 2019-11-15 |i 2837005 |o 232.957 JER 1980 |p 2837005 |r 2025-01-17 |w 2019-11-15 |y BK |k ICR | ||